|
|
|
|
| LEADER |
00000nta a2200000 i 4500 |
| 001 |
dolg23919 |
| 005 |
20200225162429.0 |
| 008 |
191205suuuu hu om 000 hun d |
| 040 |
|
|
|a BGE Dolgozattár Repozitórium
|b hun
|
| 041 |
|
|
|a hu
|
| 100 |
1 |
|
|a Kovács Kevin Ferenc
|
| 245 |
1 |
0 |
|a GROHE Hungary Kft. tevékenységének vizsgálata és a vásárlói szokások elemzése
|c Kovács Kevin Ferenc
|h [elektronikus dokumentum]
|
| 246 |
1 |
1 |
|a GROHE Hungary Kft. tevékenységének vizsgálata és a vásárlói szokások elemzése
|
| 246 |
1 |
1 |
|a Investigation of the activity of GROHE Hungary Ltd. and analysis of customer habits
|
| 695 |
|
|
|a GROHE Hungary Kft.
|
| 695 |
|
|
|a Vásárlói szokások
|
| 700 |
1 |
|
|a Dr. Király Éva
|e ths
|
| 700 |
1 |
|
|a Fabula László
|e ths
|
| 856 |
4 |
0 |
|u http://dolgozattar.uni-bge.hu/23919/1/Kova%CC%81cs%20Kevin%20szakdolgozat%20-%20v%C3%A9gleges.pdf
|z Dokumentum-elérés
|